|
|
|
|
| LEADER |
00846nam a2200193Ia 4500 |
| 001 |
CTU_26878 |
| 008 |
210402s9999 xx 000 0 und d |
| 082 |
|
|
|a 959.7
|
| 082 |
|
|
|b D312/1987
|
| 100 |
|
|
|a Võ Quí Dinh
|
| 245 |
|
0 |
|a Nhận thức của Chủ tịch Hồ Chí Minh về lực lượng đồng minh Anh-Pháp-Mỹ-Tàu Tưởng trong cách mạng Việt Nam giai đoạn 1939 - 1945
|
| 245 |
|
0 |
|b Luận văn tốt nghiệp Đại học Sư phạm ngành Sử Khóa 09
|
| 245 |
|
0 |
|c Võ Quí Dinh
|
| 260 |
|
|
|a Cần Thơ
|
| 260 |
|
|
|b Trường Đại học Cần Thơ, Khoa Sư phạm, Bộ môn Sử
|
| 260 |
|
|
|c 1987
|
| 650 |
|
|
|a vietnam - history - 1945 - 1954
|
| 904 |
|
|
|i Nguyễn Quang Điền, 981020
|
| 980 |
|
|
|a Trung tâm Học liệu Trường Đại học Cần Thơ
|